<?xml version="1.0" encoding="UTF-8"?>
<record
    xmlns:xsi="http://www.w3.org/2001/XMLSchema-instance"
    xsi:schemaLocation="http://www.loc.gov/MARC21/slim http://www.loc.gov/standards/marcxml/schema/MARC21slim.xsd"
    xmlns="http://www.loc.gov/MARC21/slim">

  <leader>01836nam0a22003011  4500</leader>
  <controlfield tag="001">rc\3956727</controlfield>
  <controlfield tag="005">20250611035210.0</controlfield>
  <datafield tag="021" ind1=" " ind2=" ">
    <subfield code="a">RU</subfield>
    <subfield code="b">[46-1590]</subfield>
  </datafield>
  <datafield tag="035" ind1=" " ind2=" ">
    <subfield code="a">(NLR Aleph) 008047749</subfield>
  </datafield>
  <datafield tag="090" ind1=" " ind2=" ">
    <subfield code="a">8921864</subfield>
    <subfield code="c">8921864</subfield>
  </datafield>
  <datafield tag="100" ind1=" " ind2=" ">
    <subfield code="a">20130415d1946    |||y0rusy50      ca</subfield>
  </datafield>
  <datafield tag="101" ind1="0" ind2=" ">
    <subfield code="a">rus</subfield>
  </datafield>
  <datafield tag="102" ind1=" " ind2=" ">
    <subfield code="a">RU</subfield>
  </datafield>
  <datafield tag="105" ind1=" " ind2=" ">
    <subfield code="a">c   z   |||cb</subfield>
  </datafield>
  <datafield tag="200" ind1="1" ind2=" ">
    <subfield code="a">&#x418;&#x43E;&#x445;&#x430;&#x43D;&#x43D;&#x435;&#x441; &#x42F;&#x43A;&#x43E;&#x432;&#x438;&#x447; &#x412;&#x430;&#x440;&#x435;&#x441;, &#x43D;&#x430;&#x448; &#x43A;&#x430;&#x43D;&#x434;&#x438;&#x434;&#x430;&#x442; &#x432; &#x434;&#x435;&#x43F;&#x443;&#x442;&#x430;&#x442;&#x44B; &#x412;&#x435;&#x440;&#x445;&#x43E;&#x432;&#x43D;&#x43E;&#x433;&#x43E; &#x421;&#x43E;&#x432;&#x435;&#x442;&#x430; &#x421;&#x421;&#x421;&#x420; &#x43F;&#x43E; &#x41F;&#x44F;&#x440;&#x43D;&#x443;&#x441;&#x43A;&#x43E;&#x43C;&#x443; &#x438;&#x437;&#x431;&#x438;&#x440;&#x430;&#x442;&#x435;&#x43B;&#x44C;&#x43D;&#x43E;&#x43C;&#x443; &#x43E;&#x43A;&#x440;&#x443;&#x433;&#x443; &#x2116; 654 &#x43F;&#x43E; &#x432;&#x44B;&#x431;&#x43E;&#x440;&#x430;&#x43C; &#x432; &#x421;&#x43E;&#x432;&#x435;&#x442; &#x421;&#x43E;&#x44E;&#x437;&#x430;</subfield>
  </datafield>
  <datafield tag="210" ind1=" " ind2=" ">
    <subfield code="a">&#x422;&#x430;&#x43B;&#x43B;&#x438;&#x43D;</subfield>
    <subfield code="c">&#x41F;&#x43E;&#x43B;&#x438;&#x442;. &#x43B;&#x438;&#x442;.]</subfield>
    <subfield code="d">[1946]</subfield>
    <subfield code="g">&#x422;&#x438;&#x43F;. "&#x41A;&#x43E;&#x43C;&#x43C;&#x443;&#x43D;&#x438;&#x441;&#x442;"</subfield>
  </datafield>
  <datafield tag="215" ind1=" " ind2=" ">
    <subfield code="a">12 &#x441;., &#x431;&#x435;&#x437; &#x43E;&#x431;&#x43B;.</subfield>
    <subfield code="c">&#x43F;&#x43E;&#x440;&#x442;&#x440;.</subfield>
    <subfield code="d">19</subfield>
  </datafield>
  <datafield tag="225" ind1="1" ind2=" ">
    <subfield code="a">&#x41D;&#x430;&#x448;&#x438; &#x43A;&#x430;&#x43D;&#x434;&#x438;&#x434;&#x430;&#x442;&#x44B;</subfield>
  </datafield>
  <datafield tag="423" ind1=" " ind2="0">
    <subfield code="1">1010#$arus</subfield>
    <subfield code="1">2001#$a&#x42E;&#x440;&#x438;&#x439; &#x42E;&#x440;&#x44C;&#x435;&#x432;&#x438;&#x447; &#x41D;&#x443;&#x442;, &#x43D;&#x430;&#x448; &#x43A;&#x430;&#x43D;&#x434;&#x438;&#x434;&#x430;&#x442; &#x432; &#x434;&#x435;&#x43F;&#x443;&#x442;&#x430;&#x442;&#x44B; &#x412;&#x435;&#x440;&#x445;&#x43E;&#x432;&#x43D;&#x43E;&#x433;&#x43E; &#x421;&#x43E;&#x432;&#x435;&#x442;&#x430; &#x421;&#x421;&#x421;&#x420; &#x43F;&#x43E; &#x412;&#x438;&#x43B;&#x44C;&#x44F;&#x43D;&#x434;&#x438;&#x441;&#x43A;&#x43E;&#x43C;&#x443; &#x433;&#x43E;&#x440;&#x43E;&#x434;&#x441;&#x43A;&#x43E;&#x43C;&#x443; &#x438;&#x437;&#x431;&#x438;&#x440;&#x430;&#x442;&#x435;&#x43B;&#x44C;&#x43D;&#x43E;&#x43C;&#x443; &#x43E;&#x43A;&#x440;&#x443;&#x433;&#x443; &#x2116; 387 &#x43F;&#x43E; &#x432;&#x44B;&#x431;&#x43E;&#x440;&#x430;&#x43C; &#x432; &#x421;&#x43E;&#x432;&#x435;&#x442; &#x41D;&#x430;&#x446;&#x438;&#x43E;&#x43D;&#x430;&#x43B;&#x44C;&#x43D;&#x43E;&#x441;&#x442;&#x435;&#x439;$e[&#x411;&#x438;&#x43E;&#x433;&#x440;. &#x43E;&#x447;&#x435;&#x440;&#x43A;&#x438;</subfield>
    <subfield code="t">&#x42E;&#x440;&#x438;&#x439; &#x42E;&#x440;&#x44C;&#x435;&#x432;&#x438;&#x447; &#x41D;&#x443;&#x442;, &#x43D;&#x430;&#x448; &#x43A;&#x430;&#x43D;&#x434;&#x438;&#x434;&#x430;&#x442; &#x432; &#x434;&#x435;&#x43F;&#x443;&#x442;&#x430;&#x442;&#x44B; &#x412;&#x435;&#x440;&#x445;&#x43E;&#x432;&#x43D;&#x43E;&#x433;&#x43E; &#x421;&#x43E;&#x432;&#x435;&#x442;&#x430; &#x421;&#x421;&#x421;&#x420; &#x43F;&#x43E; &#x412;&#x438;&#x43B;&#x44C;&#x44F;&#x43D;&#x434;&#x438;&#x441;&#x43A;&#x43E;&#x43C;&#x443; &#x433;&#x43E;&#x440;&#x43E;&#x434;&#x441;&#x43A;&#x43E;&#x43C;&#x443; &#x438;&#x437;&#x431;&#x438;&#x440;&#x430;&#x442;&#x435;&#x43B;&#x44C;&#x43D;&#x43E;&#x43C;&#x443; &#x43E;&#x43A;&#x440;&#x443;&#x433;&#x443; &#x2116; 387 &#x43F;&#x43E; &#x432;&#x44B;&#x431;&#x43E;&#x440;&#x430;&#x43C; &#x432; &#x421;&#x43E;&#x432;&#x435;&#x442; &#x41D;&#x430;&#x446;&#x438;&#x43E;&#x43D;&#x430;&#x43B;&#x44C;&#x43D;&#x43E;&#x441;&#x442;&#x435;&#x439;</subfield>
  </datafield>
  <datafield tag="606" ind1=" " ind2=" ">
    <subfield code="a">&#x41A;&#x430;&#x43D;&#x434;&#x438;&#x434;&#x430;&#x442;&#x44B; &#x432; &#x434;&#x435;&#x43F;&#x443;&#x442;&#x430;&#x442;&#x44B; &#x412;&#x435;&#x440;&#x445;&#x43E;&#x432;&#x43D;&#x43E;&#x433;&#x43E; &#x421;&#x43E;&#x432;&#x435;&#x442;&#x430; &#x421;&#x421;&#x421;&#x420;</subfield>
    <subfield code="z">1946</subfield>
    <subfield code="2">psbo</subfield>
  </datafield>
  <datafield tag="702" ind1=" " ind2="1">
    <subfield code="a">&#x412;&#x430;&#x440;&#x435;&#x441;</subfield>
    <subfield code="b">&#x418;.&#x42F;.</subfield>
    <subfield code="g">&#x418;&#x43E;&#x445;&#x430;&#x43D;&#x43D;&#x435;&#x441; &#x42F;&#x43A;&#x43E;&#x432;&#x438;&#x447;</subfield>
    <subfield code="4">570</subfield>
  </datafield>
  <datafield tag="702" ind1=" " ind2="1">
    <subfield code="a">&#x41D;&#x443;&#x442;</subfield>
    <subfield code="b">&#x42E;. &#x42E;.</subfield>
    <subfield code="f">1892-1952</subfield>
    <subfield code="g">&#x42E;&#x440;&#x438;&#x439; &#x42E;&#x440;&#x44C;&#x435;&#x432;&#x438;&#x447;</subfield>
    <subfield code="3">RU\NLR\AUTH\770274897</subfield>
    <subfield code="4">570</subfield>
  </datafield>
  <datafield tag="801" ind1=" " ind2="0">
    <subfield code="a">RU</subfield>
    <subfield code="b">NLR</subfield>
    <subfield code="g">psbo</subfield>
  </datafield>
  <datafield tag="801" ind1=" " ind2="1">
    <subfield code="a">RU</subfield>
    <subfield code="b">ELAR</subfield>
    <subfield code="2">rusmarc</subfield>
  </datafield>
  <datafield tag="852" ind1=" " ind2=" ">
    <subfield code="a">NLR</subfield>
    <subfield code="j">&#x418;&#x440;66 &#x413;-4/92</subfield>
  </datafield>
  <datafield tag="942" ind1=" " ind2=" ">
    <subfield code="c">BOOK</subfield>
  </datafield>
  <datafield tag="980" ind1=" " ind2=" ">
    <subfield code="a">NB</subfield>
  </datafield>
  <datafield tag="995" ind1=" " ind2=" ">
    <subfield code="5">2013-10-26</subfield>
    <subfield code="b">NLR02</subfield>
    <subfield code="c">NLR02</subfield>
    <subfield code="e">RFS</subfield>
    <subfield code="f">8047749-10</subfield>
    <subfield code="k">&#x418;&#x440;66 &#x413;-4/92</subfield>
    <subfield code="o">0</subfield>
    <subfield code="r">BOOK</subfield>
    <subfield code="s">66_492</subfield>
  </datafield>
</record>
